Sunflower and other nature poems (Record no. 6771)

MARC details
000 -LEADER
fixed length control field 00773 a2200205 4500
005 - DATE AND TIME OF LATEST TRANSACTION
control field 20080908152234.0
008 - FIXED-LENGTH DATA ELEMENTS--GENERAL INFORMATION
fixed length control field 080908t xxu||||| |||| 00| p eng d
010 ## - LIBRARY OF CONGRESS CONTROL NUMBER
LC control number ENG-87668
020 ## - INTERNATIONAL STANDARD BOOK NUMBER
International Standard Book Number 8187873620
Terms of availability 100.00
035 ## - SYSTEM CONTROL NUMBER
System control number EN-71201
037 ## - SOURCE OF ACQUISITION
Source of stock number/acquisition DBAD / PUB
082 ## - DEWEY DECIMAL CLASSIFICATION NUMBER
Classification number 881
100 ## - MAIN ENTRY--PERSONAL NAME
Personal name Chandramoni Narayanaswamy
245 ## - TITLE STATEMENT
Title Sunflower and other nature poems
Statement of responsibility, etc by Chandramoni Narayanaswamy
260 ## - PUBLICATION, DISTRIBUTION, ETC. (IMPRINT)
Place of publication, distribution, etc Bhubaneswar
Name of publisher, distributor, etc The home of letters (India)
Date of publication, distribution, etc 2006
270 ## - ADDRESS
Address 27, Industrial colony, Kharavela Nagar, Unit-III
City Bhubaneswar
Postal code 751 001
300 ## - PHYSICAL DESCRIPTION
Extent 37 p.
Dimensions 21 cm ( pbk.)
942 ## - ADDED ENTRY ELEMENTS (KOHA)
Institution code [OBSOLETE] dpl
Koha item type English Books
Call number prefix 881/CHA
Source of classification or shelving scheme Dewey Decimal Classification
Classification part 881
Call number suffix CHA
Holdings
Withdrawn status Lost status Damaged status Not for loan Collection code Home library Current library Date acquired Cost, normal purchase price Total Checkouts Full call number Barcode Date last seen Copy number Uniform Resource Identifier Cost, replacement price Price effective from Koha item type
      Not For Loan Non-fiction D.B.Act.Division D.B.Act.Division 08/09/2008 100.00   881 CHA EN-71201 15/09/2008 1 7273 100.00 15/09/2008 English Books

© Delhi Public Library
Hit Counter
free hit counter